Statystyki dla Państwa z największą liczbą imigrantów na mieszkańca

Kliknij tutaj aby rozwiązać quiz!

Ogólne statystyki

  • Ten quiz został rozwiązany 7 471 razy
  • Średni wynik to 10 z 23

Statystyki odpowiedzi

%Państwo% Poprawnych
21.3Kanada
64%
87.9Zjednoczone
Emiraty Arabskie
64%
78.7Katar
59%
30.0Australia
56%
100Watykan
56%
38.3Arabia Saudyjska
54%
23.0Izrael
54%
68.0Monako
51%
72.1Kuwejt
48%
67.0Liechtenstein
46%
46.0Oman
46%
58.5Andora
45%
47.4Luksemburg
45%
45.2Bahrajn
44%
22.3Nowa Zelandia
43%
37.1Singapur
42%
29.9Szwajcaria
30%
33.1Jordania
29%
27.2Liban
29%
25.5Brunei
21%
28.1Palau
16%
21.7Mikronezja
10%
30.1Antigua i Barbuda
9%

Rozkład punktacji

Percentyl według liczby udzielonych odpowiedzi

Procent ludzi z każdym wynikiem

Twoja historia wyników

Nie rozwiązałeś tego quizu